zpět

Detail výsledku týmu

Auto Da Fé ST, Kladno

Datum a čas kvízu

24.5 Celkem bodů Celkový počet nahraných bodů na tomto kvízu bez doplňovacích otázek.
13. Pořadí na kvízu Konečné umístění týmu na tomto kvízu.

Zaznamenané odpovědi

# Otázka Odpověď Body Výsledky
1. V Praze minulý týden začala st... Pankrác 1
2. Slovenská policie minulý týden... Robert Fico, Robert Kaliňák 0.5
3. V sobotu se na louce u Libušín... sv. Jiří 0
4. Jedna z českých nápojářských z... Kofola 0
5. Českým házenkářkám se povedl m... Francie 1
6. Tímto tématem navazujeme v naš... B 1
7. Papírová dvacetikoruna byla v... Přemysl Otakar I. 0
8. V loňském roce oslavila své dv... Met Gala 1
9. Protonové číslo dvacet má vápn... alabastr 0
10. Dne 13. prosince roku 1920 zal... Haribo 1